Представление документа в формате MARC21

Поле Инд. ПП Название Значение
Тип записи a
Библиографический уровень m
001 Контрольный номер ea2edb27ae52496186114ba40352dca2
005 Дата корректировки 20260608105930.5
040 a Служба первич. каталог. 10013504
b Код языка каталог. rus
e Правила каталог. PSBO
041 0_ a Код языка текста rus
084 a Индекс другой классификации/Индекс ББК доп.
090 a Полочн. индекс А181
x Авторский знак Ч-81
r Идентификатор организации 10013504
100 1_ a Автор Чубань В.Д.
245 10 a Заглавие Применение метода конечного элемента к решению задач теории упругости
b Продолж. заглавия автореферат диссертации ... кандидата технических наук : специальность 05.07.03 - Строительная механика и прочность летательных аппаратов
c Ответственность науч. рук. В.Ф. Кутьинов; Московский физико-технический институт
260 a Место издания Москва
c Дата издания 1974
300 a Объем 20 с.
b Иллюстрации/ тип воспроизводства ил., табл.
653 0_ a Ключевые слова АВТОРЕФЕРАТЫ
700 12 a Другие авторы Кутьинов В.Ф.
e Роль лиц Научный руководитель
901 t Тип документа r
952 d Специальность 05.07.03 Строительная механика и прочность летательных аппаратов
a Тип литературы для КСУ ВШ БАНР
c Вид литературы автореферат